[Event "Salon de Provence op 12th"]
[White "Roganova, Maxime"]
[Black "Schiano Lomoriello, Didier"]
[Site "Salon de Provence"]
[Round "2"]
[Result "1-0"]
[Date "2022.07.10"]
[WhiteElo "1471"]
[BlackElo "1570"]
[PlyCount "33"]
[EventDate "2022.07.09"]
[EventType "swiss"]
[EventRounds "9"]
[EventCountry "FRA"]
[SourceTitle "CBM 209 Extra"]
[Source "ChessBase"]
[SourceDate "2022.09.30"]
[SourceVersion "1"]
[SourceVersionDate "2022.09.30"]
[SourceQuality "1"]

1. e4 c5 2. d4 cxd4 3. c3 dxc3 4. Nxc3 e6 5. Nf3 a6 6. Bc4 Nc6 7. 0-0 d6 8. Qe2 Be7 9. Rd1 Nf6 10. e5 Nd7 11. exd6 Bf6 12. Ne4 h6 13. Ng3 b5 14. Bb3 Na5 15. Bd2 Bb7 16. Bxe6 Rc8 17. Bf5+ 1-0